000 00571nam a2200229Ia 4500
003 OSt
005 20221005132539.0
006 a|||||r|||| 00| 0
007 ta
008 221004b |||||||| |||| 00| 0 eng d
024 _a59850
037 _cTextual
040 _aCRL
_cCRL
_beng
041 _2eng
_aeng
082 _aV2:25:N3, H4
100 _aJapheth M D
_9110218
245 0 _aTruth about India
_b The story of an epoch
260 _c1944
650 _aHISTORY
942 _hV2:25:N3, H4
_cTEXL
_2cc
999 _c1063950
_d1063950